| 000 | 00507cam a2200157 a 4500 | ||
|---|---|---|---|
| 082 |
_a624.18341 _bAME _cL-26, P-27 |
||
| 245 | 0 | 0 |
_aCommentary on building code requirements for reinforced concrete (ACI 318-83) _cACI. |
| 260 |
_aDetroit : _bAmerican Concrete Institute, _c1983. |
||
| 300 |
_a155 p. ; _c29 cm. |
||
| 500 | _aCover title. | ||
| 526 |
_a0 _b0 _c0 _d624_183410000000000_AME |
||
| 650 | 0 |
_aMCE _9379 |
|
| 710 | 2 |
_aACI Committee 318. _920979 |
|
| 710 | 2 |
_aACI Committee 318. _920979 |
|
| 942 |
_2ddc _cBK |
||
| 999 |
_c550034 _d550034 |
||